Państwa z największą liczbą lotnisk - Statystyki

Ogólne statystyki
  • Ten quiz został rozwiązany 33 737 razy
  • Średni wynik to 14 z 20
Statystyki odpowiedzi
# Kraj % Poprawnych
13 513 Stany Zjednoczone
99%
507 Chiny
97%
1 218 Rosja
96%
464 Francja
94%
1 467 Kanada
94%
539 Niemcy
93%
4 093 Brazylia
92%
1 714 Meksyk
86%
460 Wielka Brytania
85%
1 138 Argentyna
84%
480 Australia
81%
481 Chile
68%
566 Południowa Afryka
66%
836 Kolumbia
59%
673 Indonezja
58%
444 Wenezuela
50%
855 Boliwia
43%
432 Ekwador
36%
799 Paragwaj
35%
561 Papua-Nowa Gwinea
9%
Nie znaleziono quizów pasujących do podanych kryteriów
Rozkład punktacji
Procent ludzi z każdym wynikiem
Percentyl według liczby udzielonych odpowiedzi
Twoja historia wyników
Nie rozwiązałeś tego quizu